ՀՀ Գիտությունների ազգային ակադեմիայի հիմնարար գիտական գրադարան  =   Fundamental Scientific Library of NAS RA

Пушкин / (Record no. 277712)

MARC details
000 -LEADER
fixed length control field 00795nam a2200229 u 4500
001 - CONTROL NUMBER
control field 000751702
003 - CONTROL NUMBER IDENTIFIER
control field AM-YeHGA
005 - DATE AND TIME OF LATEST TRANSACTION
control field 20250618073816.0
008 - FIXED-LENGTH DATA ELEMENTS--GENERAL INFORMATION
fixed length control field 100719s1983 |||| |||||||||||||rus d
040 ## - CATALOGING SOURCE
Original cataloging agency AM-YeHGA
041 0# - LANGUAGE CODE
Language code of text/sound track or separate title rus
090 ## - LOCALLY ASSIGNED LC-TYPE CALL NUMBER (OCLC); LOCAL CALL NUMBER (RLIN)
-- 279363
100 1# - MAIN ENTRY--PERSONAL NAME
Personal name Тынянов, Юрий Николаевич
Dates associated with a name 1894-1943
245 10 - TITLE STATEMENT
Title Пушкин /
Statement of responsibility, etc. Ю. Н. Тынянов.
260 ## - PUBLICATION, DISTRIBUTION, ETC.
Place of publication, distribution, etc. Москва :
Name of publisher, distributor, etc. Книга,
Date of publication, distribution, etc. 1983.
300 ## - PHYSICAL DESCRIPTION
Extent ч. ;
Dimensions 19 см.
505 ## - FORMATTED CONTENTS NOTE
Miscellaneous information Ч. 1 (240 с.)
Title Детство; Лицей ( Главы I-IV)
Miscellaneous information Ч. 2 (208 с.)
Title Лицей (Главы V-Х I) ; Юность
Miscellaneous information Ч. 3 (208)
Title Лицей (Главы V-Х I) : Юность
650 14 - SUBJECT ADDED ENTRY--TOPICAL TERM
Topical term or geographic name entry element Литература
9 (RLIN) 4918
740 02 - ADDED ENTRY--UNCONTROLLED RELATED/ANALYTICAL TITLE
Uncontrolled related/analytical title Детство
740 02 - ADDED ENTRY--UNCONTROLLED RELATED/ANALYTICAL TITLE
Uncontrolled related/analytical title Лицей
740 02 - ADDED ENTRY--UNCONTROLLED RELATED/ANALYTICAL TITLE
Uncontrolled related/analytical title Юность
Holdings
Withdrawn status Lost status Damaged status Not for loan Collection Home library Current library Date acquired Serial enumeration / chronology Total checkouts Full call number Barcode Date last seen Price effective from Koha item type Public note
        General Fundamental Scientific Library Fundamental Scientific Library 29/12/2016 [Т. 1]   PII/503017 FL0229626 29/12/2016 29/12/2016 Գրքեր / Books 30 Days Loan
        General Fundamental Scientific Library Fundamental Scientific Library 29/12/2016 [Т. 2]   PII/503018 FL0229627 29/12/2016 29/12/2016 Գրքեր / Books 30 Days Loan
        General Fundamental Scientific Library Fundamental Scientific Library 29/12/2016     PII/504448 FL0225951 29/12/2016 29/12/2016 Գրքեր / Books 30 Days Loan
        General Fundamental Scientific Library Fundamental Scientific Library 29/12/2016     PII/508769 FL0216335 29/12/2016 29/12/2016 Գրքեր / Books 30 Days Loan


ՀՀ ԳԱԱ հիմնարար գիտական գրադարան
ՀՀ,Երևան 0019
Մարշալ Բաղրամյան 24/6
հեռախոս:(374-10) 52-47-50
Հետադարձ կապ

All site content, except where otherwise noted, is licensed under a
Creative Commons License